000 00622nam a2200205Ia 4500
003 IN-BaIIA
008 211028s9999 xx 000 0 eng d
020 _a0-407-00055-0
040 _cIIA Library
080 _a535
_bOBS
100 _aObstfeld, Henri
_910227
245 0 _aOptics in Vision
_bfoundations of visual optics and associated computations
_cHenri Obstfeld
260 _aLondon
_bButterworths
_c1978
300 _axii, 327p.
650 _aLight-Visible Radiation
_92024
650 _aNASA Thesaurus
650 _aOptics
650 _aPhysical Optics
942 _cBK
999 _c5902
_d5902